Chemical Elements - Sudden Death - Statistics

General Stats
  • This quiz has been taken 95 times
    94 since last reset
  • The average score is 15 of 19
Answers on the Grid
Answers color-coded by a green-red scale on the quiz's grid according to % correct below.
Zoron (Zo)
Europium (Eu)
Hassium (Hs)
Quantium (Qn)
Flerovium (Fl)
Solarium (So)
Hydrogen (H)
Kryptonite (Ky)
Carbon (C)
Dilithium (Dl)
Nitrogen (N)
Pandorium (Pn)
Sodium (Na)
Opticon (Op)
Ignitron (Ig)
Cyberium (Cb)
Chlorine (Cl)
Argon (Ar)
Calcium (Ca)
Nickel (Ni)
Etherite (Et)
Chromium (Cr)
Ruthenium (Ru)
Trionium (Tr)
Necronium (Nc)
Athanaton (Atn)
Iron (Fe)
Simpium (Sp)
Iodine (I)
Osmium (Os)
Aqualium (Aq)
Gold (Au)
Elixirium (Ex)
Lead (Pb)
Lunarium (Ln)
Thorium (Th)
 
Answer Stats
Answer % Correct
Carbon (C)
92%
Hydrogen (H)
89%
Nitrogen (N)
89%
Calcium (Ca)
88%
Sodium (Na)
88%
Gold (Au)
86%
Iron (Fe)
86%
Argon (Ar)
85%
Chlorine (Cl)
85%
Lead (Pb)
85%
Nickel (Ni)
83%
Chromium (Cr)
81%
Iodine (I)
81%
Thorium (Th)
72%
Osmium (Os)
69%
Ruthenium (Ru)
69%
Europium (Eu)
61%
Hassium (Hs)
53%
Flerovium (Fl)
43%
No matching quizzes found
Score Distribution
Percent of People with Each Score
Percentile by Number Answered
Your Score History
You have not taken this quiz since the last reset